| 000 | 00000nam##2200000za#4500 |
| 001 | 9.602761 |
| 003 | CaOODSP |
| 005 | 20240212134142 |
| 007 | cr ||||||||||| |
| 008 | 150406|1993||||xxc|||||o f|0| 0 fre|d |
| 040 | |aCaOODSP|bfre |
| 043 | |an-cn--- |
| 086 | 1 |aNE22-1/1993-2F-PDF |
| 110 | 1 |aCanada. |bOffice national de l'énergie. |
| 245 | 10|aMotifs de décision relativement à ENCO Gas, Ltd.; Grand Valley Gas Company, mandataire de The Washington Water Power Company; Proco Petroleums Ltd.; San Diego Gas & Electric Company et Bow Valley Industries Ltd.; San Diego Gas & Electric Company et Canadian Hunter Marketing Ltd.; San Diego Gas & Electric Company et Husky Oil Operations Ltd.; San Diego Gas & Electric Company et Summit Resources Limited; Southern California Edison, Company et AEC Oil and Gas Company, une division de l'Alberta Energy Company Ltd.; Southern California Edison Company et Pétrolière Impériale Ressources Limitée; Southern California Edison Company et Shell Canada Limitée; Southern California Edison Company et Western Gas Marketing Limited; Summit Resources Limited : |h[ressource électronique]|bdemandes de licences d'exportation de gaz naturel conformément à la partie VI de la Loi sur l'Office national de l'énergie |
| 246 | 1 |iTitre de renvoi : |aENCO Gas, Ltd.; Grand Valley Gas Company, mandataire de The Washington Water Power Company ... |
| 260 | |aCalgary - Alberta : |bOffice national de l'énergie |cJanvier 1993. |
| 300 | |a119p.|bgraphiques, tableaux |
| 490 | 1 |aMotifs de décision|vGH-6-92 |
| 500 | |aLe nº de catalogue (NE22-1/1993-2F) et l'ISBN (0-662-980571-9) de l'édition imprimée ont été incorrectement copiés dans cette édition électronique. |
| 590 | |a12-06-Supp|b2012-03-07 |
| 775 | 08|tReasons for decision in the matter of ENCO Gas, Ltd.; Grand Valley Gas Company as agent for The Washington Water Power Company; Poco Petroleums Ltd.; San Diego Gas & Electric Company and Bow Valley Industries Ltd.; San Diego Gas & Electric Company and Canadian Hunter Marketing Ltd.; San Diego Gas & Electric Company and Husky Oil Operations Ltd.; San Diego Gas & Electric Company and Summit Resources Limited; Southern California Edison Company and AEC Oil and Gas Company a division of Alberta Energy Company Ltd.; Southern California Edison Company and Imperial Oil Resources Limited; Southern California Edison Company and Shell Canada Limited; Southern California Edison Company and Western Gas Marketing Limited; Summit Resources Limited : |w(CaOODSP)9.572408 |
| 776 | 0#|tRelativement à: ENCO Gas, Ltd.; Grand Valley Gas Company, mandataire de The Washington Water Power Company; Proco Petroleums Ltd.; San Diego Gas & Electric Company et Bow Valley Industries Ltd.; San Diego Gas & Electric Company et Canadian Hunter Marketing Ltd.; San Diego Gas & Electric Company et Husky Oil Operations Ltd.; San Diego Gas & Electric Company et Summit Resources Limited; Southern California Edison, Company et AEC Oil and Gas Company, une division de l'Alberta Energy Company Ltd.; Southern California Edison Company et Pétrolière Impériale Ressources Limitée; Southern California Edison Company et Shell Canada Limitée; Southern California Edison Company et Western Gas Marketing Limited; Summit Rsources Limited : |w(CaOODSP)9.620782 |
| 830 | #0|aMotifs de décision (Canada. Office national de l'énergie)|vGH-6-92|w(CaOODSP)9.500899 |
| 856 | 40|ahttp://publications.gc.ca|qPDF|s298 Ko|uhttps://publications.gc.ca/collections/Collection/NE22-1-1993-2F.pdf|yGH-6-92 |